| 000 | 00573nam a2200121Ia 4500 | ||
|---|---|---|---|
| 008 | 171212s9999 xx 000 0 und d | ||
| 020 | _a9780833049995 | ||
| 100 | _aDerose, Kathryn Pitkin;Kanouse, David E.;Kennedy, David P.;Patel, Kavita;Taylor, Alice | ||
| 245 |
_cDerose, Kathryn Pitkin;Kanouse, David E.;Kennedy, David P.;Patel, Kavita;Taylor, Alice _aThe Role of Faith-Based Organizations in HIV Prevention and Care in Central America _b(Spanish translation) |
||
| 260 |
_bRAND Corporation _c2010 |
||
| 650 | _aBusiness | ||
| 856 | _uwww.jstor.org/stable/10.7249/mg891-1rc | ||
| 999 |
_c352713 _d352713 |
||